10 meilleurs passeurs de tout les temps- classement général - Statistiques

Statistiques générales
  • Ce quiz a été pris 74 fois
  • Le résultat moyen est 3 sur 10
Statistiques - réponses
Hint Réponse % Correct
2 Messi
96%
1 Ronaldo
77%
6 Xavi
23%
7 Andrés Inièsta
21%
3 Di Maria
21%
4 Neymar
14%
10 Luis Suarez
13%
8 Karim Benzema
10%
9 Thomas Muller
7%
5 Ryan Giggs
4%
Aucun quiz correspondant
Distribution des résultats
% des personnes avec chaque résultat
Percentile par nombre de réponses
Votre historique - résultats
Vous n’avez pas pris ce quiz